Memoria de gestión y resultados 2004-2012 (Record no. 9979)

MARC details
000 -LEADER
campo de control de longitud fija 00366nam a2200133Ia 4500
001 - NÚMERO DE CONTROL
campo de control 2467
008 - DATOS DE LONGITUD FIJA--INFORMACIÓN GENERAL
campo de control de longitud fija 241024s9999 xx 000 0 und d
082 ## - NÚMERO DE LA CLASIFICACIÓN DECIMAL DEWEY
Número de clasificación RD/027.5/AR673m/2004-2012
100 ## - ENTRADA PRINCIPAL--NOMBRE DE PERSONA
Nombre de persona Archivo General de la NAción (AGN)
245 #0 - MENCIÓN DEL TÍTULO
Título Memoria de gestión y resultados 2004-2012
260 ## - PUBLICACIÓN, DISTRIBUCIÓN, ETC.
Nombre del editor, distribuidor, etc. Ed. Buho
Fecha de publicación, distribución, etc. 2012
901 ## - ELEMENTOS DE DATOS A LOCAL LDA (RLIN)
a 12/9/2012 2:28:52 p.m.

No items available.

© 2024. Todos los Derechos Reservados. Desarrollado por IDEICE